000 01064nam a2200289 i 4500
001 73430
003 ES-MaACL
005 20250827062545.0
007 t|
008 041011s2004 sp ||||1| spa d
020 _a84-7476-361-4
080 _a316.323.65(460)
080 _a316.644:316.344(460)
100 1 _aNoya, Francisco Javier.
_986104
245 1 0 _aCiudadanos ambivalentes
_b: actitudes ante la igualdad y el estado de bienestar en España /
_cJavier Noya.
250 _a1ª ed.
260 _aMadrid :
_bCentro de Investigaciones Sociológicas :
_bSiglo Veintiuno de España,
_c2004.
300 _aXXI, 594 p. :
_bgraf. ;
_c21 cm.
490 1 _aMonografías ;
_v205
504 _aBibliografía: p. [514]-539.
650 4 _aBienestar social-
_zEspaña.
_910560
650 4 _aDesigualdad social-
_zEspaña.
_911834
710 2 _aCentro de Investigaciones Sociológicas (España)
_92708
830 0 0 _aMonografías (Centro de Estudios Benaventanos "Ledo del Pozo")
_v205
_9177262
852 _aES-MaACL
_jL-28209
_bR.133954
999 _c73430
_d73430